000
00339nam a2200133Ia 4500
008
240624s9999 xx 000 0 und d
041
_a
eng
082
_a
658.0555 SVO
100
_a
SVOLBA GERHARD
245
_a
APPLYING DATA SCIENCE BUSINESS CASE STUD
260
_c
2017
_a
Using SAS
_b
SAS Institute
300
_a
490 p.
365
_c
RS
_b
25
999
_c
30855
_d
30855